[Event "V4 OPEN - International Championship of Slovakia 2
[Site "Banska Stiavnica"]
[Date "2013.07.09"]
[Round "4"]
[Board "22"]
[White "Ondras, Juraj"]
[Black "Repka, Christopher"]
[Result "0-1"]
[WhiteElo "2016"]
[BlackElo "2361"]
[PlyCount "0"]
[EventDate "2013.07.06"]
[EventRounds "9"]
[EventCountry "SVK"]

1. Nf3 {[%clk 1:30:55]} Nf6 {[%clk 1:30:54]} 2. c4 {[%clk 1:31:17]} e6
{[%clk 1:31:19]} 3. g3 {[%clk 1:31:39]} b6 {[%clk 1:31:44]} 4. Bg2
{[%clk 1:32:01]} Bb7 {[%clk 1:32:12]} 5. O-O {[%clk 1:32:18]} Be7
{[%clk 1:32:40]} 6. b3 {[%clk 1:32:41]} O-O {[%clk 1:32:54]} 7. Bb2
{[%clk 1:33:03]} d5 {[%clk 1:32:13]} 8. d3 {[%clk 1:31:07]} Nbd7 {[%clk 1:31:06]}
9. Nbd2 {[%clk 1:31:10]} c5 {[%clk 1:30:16]} 10. Ne5 {[%clk 1:27:18]} Qc7
{[%clk 1:28:52]} 11. Ndf3 {[%clk 1:22:19]} d4 {[%clk 1:27:44]} 12. Nxd7
{[%clk 1:22:33]} Nxd7 {[%clk 1:28:09]} 13. e4 {[%clk 1:19:44]} dxe3
{[%clk 1:27:53]} 14. fxe3 {[%clk 1:20:11]} Bf6 {[%clk 1:28:05]} 15. Qe2
{[%clk 1:18:40]} Rad8 {[%clk 1:27:44]} 16. Rad1 {[%clk 1:18:42]} h6
{[%clk 1:22:59]} 17. d4 {[%clk 1:08:48]} Be4 {[%clk 1:21:01]} 18. Nd2
{[%clk 0:55:35]} Bc2 {[%clk 1:15:15]} 19. Rc1 {[%clk 0:55:40]} Bg6 20. Be4 cxd4
{[%clk 1:07:44]} 21. exd4 {[%clk 0:50:15]} Qd6 {[%clk 1:07:40]} 22. Bxg6
{[%clk 0:44:12]} Bxd4+ {[%clk 1:07:13]} 23. Bxd4 {[%clk 0:44:39]} Qxd4+
{[%clk 1:07:41]} 24. Kh1 {[%clk 0:44:13]} fxg6 {[%clk 1:06:09]} 25. Qxe6+
{[%clk 0:43:08]} Kh7 {[%clk 1:04:10]} 26. Nf3 {[%clk 0:40:57]} Rxf3
{[%clk 1:01:34]} 27. Rxf3 {[%clk 0:37:03]} Ne5 {[%clk 1:00:33]} 28. Rf2
{[%clk 0:27:07]} Qxf2 {[%clk 0:59:57]} 29. Qxe5 {[%clk 0:27:21]} Rd2 0-1

[Event "V4 OPEN - International Championship of Slovakia 2
[Site "Banska Stiavnica"]
[Date "2013.07.09"]
[Round "4"]
[Board "23"]
[White "Hros, Roman"]
[Black "Jurcik, Martin"]
[Result "0-1"]
[WhiteElo "1982"]
[BlackElo "2358"]
[PlyCount "0"]
[EventDate "2013.07.06"]
[EventRounds "9"]
[EventCountry "SVK"]

1. e4 {[%clk 1:30:57]} c5 {[%clk 1:30:39]} 2. Nf3 {[%clk 1:31:22]} e6
{[%clk 1:30:43]} 3. g3 {[%clk 1:31:17]} d5 {[%clk 1:29:14]} 4. d3
{[%clk 1:30:49]} Nc6 {[%clk 1:29:11]} 5. Nbd2 {[%clk 1:30:20]} Bd6
{[%clk 1:27:12]} 6. Bg2 {[%clk 1:29:47]} Nge7 {[%clk 1:27:27]} 7. O-O
{[%clk 1:27:42]} O-O {[%clk 1:26:49]} 8. Re1 {[%clk 1:27:07]} f6 {[%clk 1:21:41]}
9. c3 {[%clk 1:20:27]} Qc7 {[%clk 1:18:07]} 10. Nf1 {[%clk 1:17:34]} Rd8
{[%clk 1:14:22]} 11. Qc2 {[%clk 1:14:41]} d4 {[%clk 0:59:14]} 12. N3d2
{[%clk 1:06:50]} e5 {[%clk 0:57:53]} 13. Nc4 {[%clk 1:04:11]} Be6
{[%clk 0:54:32]} 14. f4 {[%clk 1:02:24]} b5 {[%clk 0:53:41]} 15. Nxd6
{[%clk 1:01:43]} Qxd6 {[%clk 0:54:00]} 16. fxe5 {[%clk 0:55:32]} fxe5
{[%clk 0:52:17]} 17. Bg5 {[%clk 0:51:38]} h6 {[%clk 0:20:44]} 18. Bxe7
{[%clk 0:48:38]} Qxe7 {[%clk 0:21:13]} 19. a3 {[%clk 0:41:59]} c4
{[%clk 0:18:35]} 20. Rad1 {[%clk 0:38:31]} Rd7 {[%clk 0:17:11]} 21. dxc4
{[%clk 0:36:21]} bxc4 {[%clk 0:16:51]} 22. cxd4 {[%clk 0:34:14]} Nxd4
{[%clk 0:16:13]} 23. Qa4 {[%clk 0:34:04]} c3 {[%clk 0:10:39]} 24. Qa5
{[%clk 0:32:02]} c2 {[%clk 0:06:55]} 25. Rc1 {[%clk 0:32:10]} Nb3
{[%clk 0:07:12]} 26. Qxe5 {[%clk 0:32:31]} Nxc1 {[%clk 0:07:34]} 27. Rxc1
{[%clk 0:32:56]} Rc8 {[%clk 0:05:05]} 28. Ne3 {[%clk 0:32:45]} Bb3
{[%clk 0:04:46]} 0-1

[Event "V4 OPEN - International Championship of Slovakia 2
[Site "Banska Stiavnica"]
[Date "2013.07.09"]
[Round "4"]
[Board "24"]
[White "Nowak, Lukasz"]
[Black "Nasuta, Grzegorz"]
[Result "1/2-1/2"]
[WhiteElo "1955"]
[BlackElo "2353"]
[PlyCount "81"]
[EventDate "2013.07.06"]
[EventRounds "9"]
[EventCountry "SVK"]

1. e4 c5 2. Nf3 d6 3. d4 cxd4 4. Nxd4 Nf6 5. Nc3 a6 6. Be3 e6 7. f3 b5 8. Qd2
Nbd7 9. g4 Nb6 10. a4 Nc4 11. Bxc4 bxc4 12. g5 Nd7 13. f4 Bb7 14. f5 Nc5 15.
fxe6 fxe6 16. Qg2 g6 17. Nde2 Bg7 18. Rf1 Qe7 19. O-O-O O-O-O 20. Bd4 Be5 21.
Ng1 Nd3+ 22. cxd3 Bxd4 23. Qd2 cxd3 24. Nf3 Bxc3 25. Qxc3+ Qc7 26. Qxc7+ Kxc7
27. Nd4 Rhe8 28. Rxd3 Bxe4 29. Rc3+ Kb6 30. b4 Rc8 31. a5+ Kb7 32. Rf7+ Kb8 33.
Ne2 Bd3 34. Kd2 Bxe2 35. Rxc8+ Rxc8 36. Kxe2 Rc7 37. Rf8+ Kb7 38. Kd3 Rd7 39.
Kd4 d5 40. Re8 Rd6 41. Re7+ 1/2-1/2

[Event "V4 OPEN - International Championship of Slovakia 2
[Site "Banska Stiavnica"]
[Date "2013.07.09"]
[Round "4"]
[Board "25"]
[White "Petras, Marian"]
[Black "Borosova, Zuzana"]
[Result "1-0"]
[WhiteElo "1954"]
[BlackElo "2265"]
[PlyCount "0"]
[EventDate "2013.07.06"]
[EventRounds "9"]
[EventCountry "SVK"]

1. e4 {[%clk 1:30:57]} e5 {[%clk 1:28:18]} 2. Nc3 {[%clk 1:31:11]} Nf6
{[%clk 1:26:13]} 3. f4 {[%clk 1:31:35]} d5 {[%clk 1:26:32]} 4. fxe5
{[%clk 1:31:53]} Nxe4 {[%clk 1:26:47]} 5. d3 {[%clk 1:28:22]} Nxc3
{[%clk 1:25:11]} 6. bxc3 {[%clk 1:28:48]} d4 {[%clk 1:22:13]} 7. Nf3
{[%clk 1:28:22]} c5 {[%clk 1:17:31]} 8. Be2 {[%clk 1:26:12]} Be7 {[%clk 1:17:28]}
9. O-O {[%clk 1:25:58]} O-O {[%clk 1:14:55]} 10. Qe1 {[%clk 1:25:30]} f6
{[%clk 1:09:39]} 11. cxd4 {[%clk 1:21:20]} cxd4 {[%clk 1:08:39]} 12. exf6
{[%clk 1:16:25]} Bxf6 {[%clk 1:08:48]} 13. Qg3 {[%clk 1:14:46]} Nc6
{[%clk 1:06:45]} 14. Bg5 {[%clk 1:14:05]} Nb4 {[%clk 1:02:37]} 15. Bxf6
{[%clk 1:11:23]} Rxf6 {[%clk 1:01:54]} 16. Ne5 {[%clk 1:08:31]} Bf5
{[%clk 0:54:45]} 17. Rab1 {[%clk 1:06:36]} Qe7 {[%clk 0:45:48]} 18. Bf3
{[%clk 1:05:54]} Rd8 {[%clk 0:31:23]} 19. Bxb7 {[%clk 0:58:47]} Qxb7
{[%clk 0:24:01]} 20. a3 {[%clk 0:59:13]} a5 {[%clk 0:22:29]} 21. axb4
{[%clk 0:59:27]} axb4 {[%clk 0:22:02]} 22. Qh4 {[%clk 0:57:44]} Qc7
{[%clk 0:14:07]} 23. Nc4 {[%clk 0:55:51]} Qb8 {[%clk 0:06:33]} 24. Qe1
{[%clk 0:50:42]} Qa8 {[%clk 0:02:28]} 25. Rxf5 {[%clk 0:48:24]} Rxf5
{[%clk 0:02:32]} 26. Qe6+ {[%clk 0:48:51]} Rf7 {[%clk 0:02:41]} 27. Rf1
{[%clk 0:49:13]} Rdf8 {[%clk 0:02:30]} 28. Nd6 {[%clk 0:49:24]} 1-0

[Event "V4 OPEN - International Championship of Slovakia 2
[Site "Banska Stiavnica"]
[Date "2013.07.09"]
[Round "4"]
[Board "26"]
[White "Jarmula, Lukasz"]
[Black "Sepesi, Samuel"]
[Result "1-0"]
[WhiteElo "2261"]
[BlackElo "1954"]
[PlyCount "0"]
[EventDate "2013.07.06"]
[EventRounds "9"]
[EventCountry "SVK"]

1. e4 {[%clk 1:30:59]} c5 {[%clk 1:30:45]} 2. c3 {[%clk 1:31:23]} d5
{[%clk 1:30:50]} 3. exd5 {[%clk 1:31:42]} Qxd5 {[%clk 1:31:13]} 4. d4
{[%clk 1:32:06]} Nf6 {[%clk 1:30:54]} 5. Nf3 {[%clk 1:32:28]} Bg4
{[%clk 1:31:15]} 6. Be2 {[%clk 1:32:40]} e6 {[%clk 1:31:17]} 7. h3
{[%clk 1:32:59]} Bh5 {[%clk 1:31:11]} 8. Be3 {[%clk 1:33:20]} cxd4
{[%clk 1:31:22]} 9. cxd4 {[%clk 1:33:43]} Nc6 {[%clk 1:30:53]} 10. Nc3
{[%clk 1:34:06]} Qd8 {[%clk 1:27:44]} 11. Qb3 {[%clk 1:32:25]} Qb6
{[%clk 1:15:12]} 12. O-O {[%clk 1:12:34]} Qxb3 {[%clk 0:59:12]} 13. axb3
{[%clk 1:12:56]} Be7 {[%clk 0:57:49]} 14. g4 {[%clk 1:10:59]} Bg6
{[%clk 0:58:07]} 15. Ne5 {[%clk 1:11:20]} O-O {[%clk 0:46:43]} 16. g5
{[%clk 1:11:26]} Nd5 {[%clk 0:44:23]} 17. Nxd5 {[%clk 1:11:40]} exd5
{[%clk 0:44:44]} 18. Nxc6 {[%clk 1:12:01]} bxc6 {[%clk 0:45:07]} 19. Rfc1
{[%clk 1:12:22]} Rfb8 {[%clk 0:35:14]} 20. Rc3 {[%clk 0:57:10]} Bf5
{[%clk 0:32:58]} 21. Ra6 {[%clk 0:45:50]} Bxh3 {[%clk 0:29:38]} 22. Bf4
{[%clk 0:45:09]} Rb4 {[%clk 0:28:15]} 23. Rxh3 {[%clk 0:43:59]} Rxd4
{[%clk 0:28:08]} 24. Re3 {[%clk 0:39:44]} Rxf4 {[%clk 0:22:00]} 25. Rxe7
{[%clk 0:39:13]} g6 {[%clk 0:20:35]} 26. Rexa7 {[%clk 0:36:16]} Rxa7
{[%clk 0:18:08]} 27. Rxa7 {[%clk 0:36:39]} Rb4 {[%clk 0:18:25]} 28. Bd1
{[%clk 0:35:35]} Rd4 {[%clk 0:17:29]} 29. Ra1 {[%clk 0:35:19]} Rd2
{[%clk 0:17:16]} 30. Rb1 {[%clk 0:33:04]} c5 {[%clk 0:07:32]} 31. Kf1
{[%clk 0:32:45]} c4 {[%clk 0:07:44]} 32. bxc4 {[%clk 0:31:53]} dxc4
{[%clk 0:08:06]} 33. Be2 {[%clk 0:31:36]} Rd4 {[%clk 0:02:38]} 34. Rd1
{[%clk 0:30:52]} Rh4 {[%clk 0:02:48]} 35. Kg2 {[%clk 0:30:56]} Kg7
{[%clk 0:01:23]} 36. Rc1 {[%clk 0:31:07]} Re4 {[%clk 0:01:17]} 37. Bxc4
{[%clk 0:30:19]} Rg4+ {[%clk 0:01:37]} 38. Kf3 {[%clk 0:30:15]} Rxg5
{[%clk 0:02:00]} 39. b4 {[%clk 0:30:10]} Rf5+ {[%clk 0:02:14]} 40. Ke3
{[%clk 0:29:58]} h5 {[%clk 0:02:26]} 41. b5 {[%clk 0:30:12]} Rf6 {[%clk 0:02:18]}
42. Rb1 {[%clk 0:28:58]} Rb6 {[%clk 0:02:32]} 43. Kd4 {[%clk 0:29:21]} h4
{[%clk 0:02:51]} 44. Kc5 {[%clk 0:29:38]} Rb8 {[%clk 0:03:16]} 45. b6
{[%clk 0:29:56]} h3 {[%clk 0:03:32]} 46. Rh1 {[%clk 0:30:02]} Rc8+
{[%clk 0:03:52]} 47. Kb5 {[%clk 0:30:21]} 1-0

[Event "V4 OPEN - International Championship of Slovakia 2
[Site "Banska Stiavnica"]
[Date "2013.07.09"]
[Round "4"]
[Board "27"]
[White "Istok, Vojtech"]
[Black "Nemeth, Denes"]
[Result "0-1"]
[WhiteElo "1952"]
[BlackElo "2257"]
[PlyCount "0"]
[EventDate "2013.07.06"]
[EventRounds "9"]
[EventCountry "SVK"]

1. e4 {[%clk 1:30:55]} c5 {[%clk 1:22:07]} 2. Nf3 {[%clk 1:31:17]} d6
{[%clk 1:22:31]} 3. d4 {[%clk 1:31:43]} cxd4 {[%clk 1:22:55]} 4. Nxd4
{[%clk 1:32:08]} Nf6 {[%clk 1:23:19]} 5. Nc3 {[%clk 1:32:33]} g6 {[%clk 1:23:44]}
6. Be3 {[%clk 1:32:33]} Bg7 {[%clk 1:24:09]} 7. f3 {[%clk 1:32:57]} O-O
{[%clk 1:24:34]} 8. Qd2 {[%clk 1:33:22]} Nc6 {[%clk 1:24:48]} 9. O-O-O
{[%clk 1:33:31]} Bd7 {[%clk 1:25:06]} 10. g4 {[%clk 1:33:43]} Rc8
{[%clk 1:25:25]} 11. h4 {[%clk 1:33:59]} Ne5 {[%clk 1:25:16]} 12. h5
{[%clk 1:34:12]} Qa5 {[%clk 1:24:41]} 13. Nb3 {[%clk 1:34:28]} Qc7
{[%clk 1:24:23]} 14. Be2 {[%clk 1:34:45]} b5 {[%clk 1:22:01]} 15. Kb1
{[%clk 1:35:10]} Nc4 {[%clk 1:04:44]} 16. Bxc4 {[%clk 1:35:11]} bxc4
{[%clk 1:05:07]} 17. Nd4 {[%clk 1:34:34]} Rb8 {[%clk 1:02:07]} 18. hxg6
{[%clk 1:30:51]} fxg6 {[%clk 1:01:55]} 19. Bh6 {[%clk 1:28:17]} Bxh6
{[%clk 0:48:48]} 20. Qxh6 {[%clk 1:19:21]} Qa5 {[%clk 0:46:12]} 21. Nd5
{[%clk 1:07:54]} Rf7 {[%clk 0:45:22]} 22. Nxf6+ {[%clk 0:41:54]} exf6
{[%clk 0:45:44]} 23. Qe3 {[%clk 0:40:10]} Qb4 {[%clk 0:39:45]} 24. b3
{[%clk 0:38:43]} a5 {[%clk 0:35:49]} 25. Rh2 {[%clk 0:37:03]} Qc5
{[%clk 0:23:53]} 26. Ka1 {[%clk 0:31:36]} a4 {[%clk 0:20:26]} 27. Re2
{[%clk 0:29:17]} axb3 {[%clk 0:14:14]} 28. cxb3 {[%clk 0:29:28]} cxb3
{[%clk 0:14:32]} 29. Nxb3 {[%clk 0:28:58]} Qa3 {[%clk 0:14:23]} 30. Nd4
{[%clk 0:27:46]} Qa4 {[%clk 0:13:05]} 31. Red2 {[%clk 0:22:58]} Be8
{[%clk 0:10:12]} 32. Ne2 {[%clk 0:19:57]} Rfb7 {[%clk 0:07:33]} 33. Nc3
{[%clk 0:16:53]} Qb4 {[%clk 0:04:25]} 34. Qd4 {[%clk 0:16:34]} Qxd4
{[%clk 0:02:11]} 35. Rxd4 {[%clk 0:16:59]} Rc8 {[%clk 0:01:55]} 36. Nd5
{[%clk 0:16:52]} Kg7 {[%clk 0:01:39]} 37. Ne3 {[%clk 0:14:51]} Bf7
{[%clk 0:01:04]} 38. Rxd6 {[%clk 0:14:40]} Ra7 {[%clk 0:01:27]} 39. R1d2
{[%clk 0:13:27]} Rc3 {[%clk 0:01:13]} 40. Nd5 {[%clk 0:12:20]} Rxf3
{[%clk 0:00:44]} 41. Rg2 {[%clk 0:09:43]} Ra4 {[%clk 0:26:08]} 42. g5
{[%clk 0:40:12]} fxg5 {[%clk 0:25:13]} 43. e5 {[%clk 0:40:28]} Re4
{[%clk 0:24:17]} 44. Rxg5 {[%clk 0:37:39]} Rf2 {[%clk 0:23:48]} 45. Rg1
{[%clk 0:35:54]} Rxe5 {[%clk 0:23:46]} 46. Nc3 {[%clk 0:35:38]} Rc2
{[%clk 0:15:10]} 0-1

[Event "V4 OPEN - International Championship of Slovakia 2
[Site "Banska Stiavnica"]
[Date "2013.07.09"]
[Round "4"]
[Board "28"]
[White "Mukashev, Assan"]
[Black "Oszczanowski, Witold"]
[Result "0-1"]
[WhiteElo "2247"]
[BlackElo "1936"]
[PlyCount "0"]
[EventDate "2013.07.06"]
[EventRounds "9"]
[EventCountry "SVK"]

1. d4 {[%clk 1:30:56]} Nf6 {[%clk 1:30:55]} 2. Nf3 {[%clk 1:31:18]} e6
{[%clk 1:31:13]} 3. c4 {[%clk 1:31:41]} Nc6 {[%clk 1:31:37]} 4. g3
{[%clk 1:30:44]} Bb4+ {[%clk 1:31:54]} 5. Nbd2 {[%clk 1:30:22]} O-O
{[%clk 1:31:49]} 6. Bg2 {[%clk 1:30:46]} d6 {[%clk 1:31:06]} 7. a3
{[%clk 1:30:35]} Bxd2+ {[%clk 1:31:22]} 8. Bxd2 {[%clk 1:31:01]} Qe7
{[%clk 1:31:24]} 9. b4 {[%clk 1:28:35]} e5 {[%clk 1:25:26]} 10. dxe5
{[%clk 1:26:32]} Nxe5 {[%clk 1:21:36]} 11. Nxe5 {[%clk 1:26:54]} dxe5
{[%clk 1:18:21]} 12. O-O {[%clk 1:25:59]} c6 {[%clk 1:09:12]} 13. Qc2
{[%clk 1:22:59]} Be6 {[%clk 0:57:51]} 14. Rfd1 {[%clk 1:22:00]} h6
{[%clk 0:52:46]} 15. Be3 {[%clk 1:10:58]} Qc7 {[%clk 0:51:33]} 16. h3
{[%clk 0:56:34]} Rfd8 {[%clk 0:25:11]} 17. Kh2 {[%clk 0:54:55]} Nd7
{[%clk 0:21:50]} 18. f4 {[%clk 0:50:24]} exf4 {[%clk 0:20:04]} 19. Bxf4
{[%clk 0:50:32]} Qc8 {[%clk 0:20:08]} 20. e4 {[%clk 0:45:04]} c5 {[%clk 0:16:58]}
21. Bd6 {[%clk 0:42:45]} Nb6 {[%clk 0:16:13]} 22. Bxc5 {[%clk 0:34:17]} Nxc4
{[%clk 0:16:31]} 23. Qc3 {[%clk 0:33:40]} Qc7 {[%clk 0:14:20]} 24. Bd4
{[%clk 0:33:56]} f6 {[%clk 0:14:05]} 25. a4 {[%clk 0:32:20]} Rac8
{[%clk 0:13:38]} 26. a5 {[%clk 0:30:59]} a6 {[%clk 0:11:13]} 27. Rac1
{[%clk 0:30:18]} Qf7 {[%clk 0:11:29]} 28. Qe1 {[%clk 0:30:39]} Qh5
{[%clk 0:11:20]} 29. Qf1 {[%clk 0:12:07]} Bg4 {[%clk 0:09:14]} 30. Rxc4
{[%clk 0:08:23]} Bxd1 {[%clk 0:09:41]} 31. Bb6 {[%clk 0:08:29]} Be2
{[%clk 0:08:46]} 32. Rxc8 {[%clk 0:08:56]} Rxc8 {[%clk 0:09:13]} 33. Qf4
{[%clk 0:09:12]} Qe5 {[%clk 0:08:59]} 34. Qe3 {[%clk 0:09:40]} Bc4
{[%clk 0:08:28]} 35. Bd4 {[%clk 0:10:06]} Qe6 {[%clk 0:08:44]} 36. e5
{[%clk 0:09:50]} Bd5 {[%clk 0:08:07]} 37. exf6 {[%clk 0:10:09]} Rc2
{[%clk 0:07:12]} 38. Qxe6+ {[%clk 0:10:34]} Bxe6 {[%clk 0:07:39]} 39. Kg1
{[%clk 0:10:56]} Rc4 {[%clk 0:07:26]} 40. Bc5 {[%clk 0:11:05]} gxf6
{[%clk 0:07:37]} 41. Bxb7 {[%clk 0:11:32]} Rc1+ {[%clk 0:08:01]} 42. Kg2
{[%clk 0:11:48]} Bc4 {[%clk 0:08:24]} 43. Kf3 {[%clk 0:07:57]} Kf7
{[%clk 0:06:21]} 44. Ke4 {[%clk 0:05:22]} Bf1 {[%clk 0:05:51]} 45. Kd4
{[%clk 0:01:51]} Ke6 {[%clk 0:30:42]} 46. Bc8+ {[%clk 0:33:20]} Kf7
{[%clk 0:30:55]} 47. Bb7 {[%clk 0:33:48]} Rd1+ {[%clk 0:16:30]} 48. Ke3
{[%clk 0:34:16]} Bc4 {[%clk 0:16:34]} 49. h4 {[%clk 0:33:38]} Ke6
{[%clk 0:13:22]} 50. g4 {[%clk 0:32:42]} Ke5 {[%clk 0:12:42]} 51. Bf8
{[%clk 0:30:12]} Rd3+ {[%clk 0:12:23]} 52. Kf2 {[%clk 0:30:40]} Rb3
{[%clk 0:11:00]} 53. Bf3 {[%clk 0:27:31]} Rb2+ {[%clk 0:10:16]} 54. Kg3
{[%clk 0:27:53]} Rb3 {[%clk 0:10:33]} 55. Kf2 {[%clk 0:28:18]} Rb2+
{[%clk 0:09:00]} 56. Kg3 {[%clk 0:28:43]} Bd5 {[%clk 0:05:33]} 57. Bxd5
{[%clk 0:28:29]} Kxd5 {[%clk 0:06:02]} 58. Bxh6 {[%clk 0:27:53]} Rxb4
{[%clk 0:06:27]} 59. h5 {[%clk 0:26:40]} Ke6 {[%clk 0:05:49]} 60. Bd2
{[%clk 0:23:55]} Rd4 {[%clk 0:06:03]} 61. Be1 {[%clk 0:23:09]} f5
{[%clk 0:06:22]} 62. gxf5+ {[%clk 0:21:04]} Kxf5 {[%clk 0:06:51]} 63. Kf3
{[%clk 0:18:21]} Kg5 {[%clk 0:07:03]} 64. Ke3 {[%clk 0:18:39]} Rd7
{[%clk 0:07:16]} 65. Bb4 {[%clk 0:14:42]} Kxh5 {[%clk 0:07:41]} 66. Ke4
{[%clk 0:15:09]} Kg4 {[%clk 0:07:34]} 67. Ke5 {[%clk 0:15:28]} Rb7
{[%clk 0:05:28]} 68. Bd2 {[%clk 0:15:03]} Kf3 {[%clk 0:05:51]} 69. Kd6
{[%clk 0:15:22]} Ke2 {[%clk 0:06:10]} 70. Bg5 {[%clk 0:15:24]} Kd3
{[%clk 0:05:35]} 71. Bd8 {[%clk 0:14:33]} Kc4 {[%clk 0:05:50]} 72. Kc6
{[%clk 0:14:06]} Rg7 {[%clk 0:06:08]} 73. Kd6 {[%clk 0:10:45]} Kb5
{[%clk 0:06:27]} 74. Bb6 {[%clk 0:10:55]} Rg2 {[%clk 0:06:02]} 75. Kd7
{[%clk 0:09:46]} Rg6 {[%clk 0:06:11]} 76. Kc7 {[%clk 0:09:55]} Rc6+
{[%clk 0:06:28]} 77. Kb7 {[%clk 0:09:24]} Rc4 {[%clk 0:06:47]} 78. Kb8
{[%clk 0:08:48]} Ra4 {[%clk 0:07:07]} 79. K

[Event "V4 OPEN - International Championship of Slovakia 2
[Site "Banska Stiavnica"]
[Date "2013.07.09"]
[Round "4"]
[Board "29"]
[White "Chovan, Milan"]
[Black "Peterson, Eric"]
[Result "0-1"]
[WhiteElo "1890"]
[BlackElo "2239"]
[PlyCount "0"]
[EventDate "2013.07.06"]
[EventRounds "9"]
[EventCountry "SVK"]

1. e4 {[%clk 1:30:55]} e6 {[%clk 1:30:56]} 2. d4 {[%clk 1:31:19]} d5
{[%clk 1:31:23]} 3. Nd2 {[%clk 1:31:44]} c5 {[%clk 1:31:49]} 4. exd5
{[%clk 1:32:08]} exd5 {[%clk 1:32:14]} 5. Ngf3 {[%clk 1:32:33]} Nc6
{[%clk 1:32:38]} 6. Bb5 {[%clk 1:32:56]} Bd6 {[%clk 1:33:03]} 7. dxc5
{[%clk 1:33:17]} Bxc5 {[%clk 1:33:26]} 8. O-O {[%clk 1:33:39]} Nge7
{[%clk 1:33:38]} 9. Nb3 {[%clk 1:33:59]} Bd6 {[%clk 1:34:03]} 10. Re1
{[%clk 1:34:22]} O-O {[%clk 1:34:24]} 11. Bd3 {[%clk 1:34:41]} Qc7
{[%clk 1:30:20]} 12. h3 {[%clk 1:32:18]} Nb4 {[%clk 1:28:41]} 13. c3
{[%clk 1:31:54]} Nxd3 {[%clk 1:28:25]} 14. Qxd3 {[%clk 1:32:19]} Bf5
{[%clk 1:27:59]} 15. Qd1 {[%clk 1:31:50]} a6 {[%clk 1:25:51]} 16. Bg5
{[%clk 1:29:24]} Rfd8 17. Nbd4 {[%clk 1:24:43]} Be4 {[%clk 1:22:08]} 18. Qd2
{[%clk 1:23:55]} h6 {[%clk 1:18:13]} 19. Be3 {[%clk 1:23:05]} Rac8
{[%clk 1:15:18]} 20. a4 {[%clk 1:16:48]} Ng6 {[%clk 1:06:43]} 21. Red1
{[%clk 1:01:23]} Qd7 {[%clk 0:59:55]} 22. Ne1 {[%clk 0:58:57]} Ne5
{[%clk 0:55:12]} 23. f3 {[%clk 0:58:07]} Nc4 {[%clk 0:53:01]} 24. Qc1
{[%clk 0:53:24]} Nxe3 {[%clk 0:49:51]} 25. Qxe3 {[%clk 0:52:51]} Bg6
{[%clk 0:48:33]} 26. Nd3 {[%clk 0:48:02]} Re8 {[%clk 0:45:55]} 27. Qd2
{[%clk 0:44:57]} Bb8 {[%clk 0:44:29]} 28. Nf4 {[%clk 0:41:15]} Qd6
{[%clk 0:38:19]} 29. Nde2 {[%clk 0:36:03]} Rcd8 {[%clk 0:25:30]} 30. Kf1
{[%clk 0:30:24]} Ba7 {[%clk 0:20:50]} 31. Nd4 {[%clk 0:28:28]} Bh7
{[%clk 0:17:33]} 32. Re1 {[%clk 0:23:17]} g5 {[%clk 0:17:10]} 33. Rxe8+
{[%clk 0:23:41]} Rxe8 {[%clk 0:17:35]} 34. Nfe2 {[%clk 0:24:00]} Qb6
{[%clk 0:11:15]} 35. Rd1 {[%clk 0:23:29]} Qa5 {[%clk 0:11:02]} 36. b3
{[%clk 0:21:17]} Qc7 {[%clk 0:10:41]} 37. Rc1 {[%clk 0:16:49]} Qh2
{[%clk 0:09:53]} 38. Rd1 {[%clk 0:16:19]} Bg6 {[%clk 0:07:40]} 39. Rc1
{[%clk 0:12:49]} Rxe2 {[%clk 0:02:40]} 40. Kxe2 {[%clk 0:11:59]} Qxg2+
{[%clk 0:02:18]} 41. Ke3 {[%clk 0:04:12]} Qxh3 {[%clk 0:01:02]} 42. Qf2
{[%clk 0:26:45]} Bb8 {[%clk 0:29:14]} 43. Ke2 {[%clk 0:25:17]} Bg3
{[%clk 0:26:18]} 44. Qf1 {[%clk 0:23:42]} Qh2+ {[%clk 0:24:53]} 45. Kd1
{[%clk 0:24:00]} Bf4 {[%clk 0:24:17]} 46. Qe1 {[%clk 0:22:10]} Qb2
{[%clk 0:16:47]} 47. Qe8+ {[%clk 0:20:09]} Kg7 {[%clk 0:13:20]} 48. Ne2
{[%clk 0:16:46]} Qd2# {[%clk 0:13:31]} 0-1

[Event "V4 OPEN - International Championship of Slovakia 2
[Site "Banska Stiavnica"]
[Date "2013.07.09"]
[Round "4"]
[Board "30"]
[White "Zvarik, Martin"]
[Black "Kula, Dominik"]
[Result "1-0"]
[WhiteElo "2235"]
[BlackElo "1906"]
[PlyCount "0"]
[EventDate "2013.07.06"]
[EventRounds "9"]
[EventCountry "SVK"]

1. e4 {[%clk 1:30:34]} e5 {[%clk 1:30:45]} 2. Nf3 {[%clk 1:31:00]} Nc6
{[%clk 1:31:08]} 3. Bc4 {[%clk 1:30:09]} Nf6 {[%clk 1:31:28]} 4. d3
{[%clk 1:30:33]} Bc5 {[%clk 1:29:22]} 5. c3 {[%clk 1:30:55]} O-O {[%clk 1:27:22]}
6. O-O {[%clk 1:28:43]} d6 {[%clk 1:25:55]} 7. b4 {[%clk 1:26:39]} Bb6
{[%clk 1:26:06]} 8. a4 {[%clk 1:27:06]} a5 {[%clk 1:21:01]} 9. b5
{[%clk 1:27:24]} Ne7 {[%clk 1:20:14]} 10. Bg5 {[%clk 1:25:48]} Ng6
{[%clk 1:17:08]} 11. Nh4 {[%clk 1:23:46]} Nxh4 {[%clk 1:14:55]} 12. Bxh4
{[%clk 1:24:09]} h6 {[%clk 1:13:00]} 13. Nd2 {[%clk 1:21:50]} g5 {[%clk 1:06:45]}
14. Bg3 {[%clk 1:22:16]} Bg4 {[%clk 1:06:46]} 15. Qc2 {[%clk 1:14:51]} c6
{[%clk 1:02:21]} 16. Bb3 {[%clk 1:09:33]} Re8 {[%clk 0:56:33]} 17. d4
{[%clk 1:08:41]} cxb5 {[%clk 0:48:25]} 18. axb5 {[%clk 1:08:03]} Be2
{[%clk 0:45:09]} 19. Rfe1 {[%clk 1:07:21]} Bxb5 {[%clk 0:45:10]} 20. Bxf7+
{[%clk 1:06:53]} Kxf7 {[%clk 0:45:31]} 21. Qb3+ {[%clk 1:07:20]} Kg7
{[%clk 0:44:56]} 22. Qxb5 {[%clk 1:07:44]} exd4 {[%clk 0:38:08]} 23. Nc4
{[%clk 1:04:03]} Bc7 {[%clk 0:37:05]} 24. cxd4 {[%clk 1:01:05]} Rxe4
{[%clk 0:29:06]} 25. Qxb7 {[%clk 0:58:35]} Rb8 {[%clk 0:27:04]} 26. Qc6
{[%clk 0:56:32]} Rxd4 {[%clk 0:25:51]} 27. Ne3 {[%clk 0:56:15]} Rdb4
{[%clk 0:20:49]} 28. Rac1 {[%clk 0:55:35]} R8b7 {[%clk 0:20:08]} 29. Nf5+
{[%clk 0:55:53]} Kf8 {[%clk 0:20:12]} 30. Nxd6 {[%clk 0:51:21]} Ra7
{[%clk 0:19:10]} 31. Qc5 {[%clk 0:35:58]} Bb6 {[%clk 0:17:38]} 32. Qf5
{[%clk 0:36:16]} Kg7 {[%clk 0:16:44]} 33. Be5 {[%clk 0:33:55]} Bd4
{[%clk 0:13:58]} 34. Ne8+ {[%clk 0:32:49]} 1-0